000 00313nam a2200133Ia 4500
008 151213s9999 xx 000 0 und d
245 _aBangladesh Yellow Page - 2005
250 _a14th
260 _aDhaka
_bYellow Page
_c2005
300 _a2621 p.
650 _aDictionary
650 _aReference
999 _c1737
_d1737